000 00347nam a22001457a 4500
003 OSt
005 20160727222359.0
008 160623b xxu||||| |||| 00| 0 eng d
040 _cTEST
100 _9634
_aMinarik, E. H
245 _aLittle Bear's friend
260 _aG.B.world's work ltd.
_c1960
300 _aLittle Bear's friend
942 _2ddc
_cBK
999 _c516
_d516